书目信息 |
| 题名: |
医院供应中心业务手册
|
|
| 作者: | 王玮等合 著 | |
| 分册: | ||
| 出版信息: | 北京 科学技术文献出版社 1999.05 |
|
| 页数: | 113页 | |
| 开本: | 16开 | |
| 丛书名: | ||
| 单 册: | ||
| 中图分类: | R197.39-62 | |
| 科图分类: | ||
| 主题词: | 医药卫生组织机构 , 医疗保健事业 | |
| 电子资源: | ||
| ISBN: | 7-5023-3279-0 | |
| 000 | 00620nam0 2200205 45 | |
| 001 | 0012210963 | |
| 005 | 20001221092255.4 | |
| 010 | @a7-5023-3279-0@d15.00元 | |
| 100 | @a20001221d1999 km y0chiy0120 ea | |
| 101 | 0 | @achi |
| 105 | @a z 000yy | |
| 200 | 1 | @a医院供应中心业务手册@AYi Yuan Gong Ying Zhong Xin Ye Wu Shou Ce@f王玮等合著@FWang Wei Deng He Zhu |
| 210 | @a北京@c科学技术文献出版社@d1999.05 | |
| 215 | @a113页@d16开 | |
| 606 | 0 | @a医药卫生组织机构 |
| 606 | 0 | @a医疗保健事业 |
| 690 | @aR197.39-62@v3 | |
| 701 | 0 | @a王玮等合@4著 |
| 801 | @aCN@bPftUser@c20001221 | |
| 905 | @b310622-623@dR197.39-62@eW.125@f2 | |
| 医院供应中心业务手册/王玮等合著.-北京:科学技术文献出版社,1999.05 |
| 113页;16开 |
| ISBN 7-5023-3279-0:15.00元 |
| ● |
| 相关链接 |
|
|
|
正题名:医院供应中心业务手册
索取号:R197.39-62/W.125
 
预约/预借
| 序号 | 登录号 | 条形码 | 馆藏地/架位号 | 状态 | 备注 |
| 1 | 310622 | 203106227 | 自科库401/401自科库 8排3列3层/ [索取号:R197.39-62/W.125] | 在馆 | |
| 2 | 310623 | 203106236 | 自科库401/401自科库 8排3列3层/ [索取号:R197.39-62/W.125] | 在馆 |